Statistics for Natural Features of Countries #3

Click here to take the quiz!

General Stats

  • This quiz has been taken 123 times
  • The average score is 16 of 21

Answer Stats

Natural FeatureCountry% Correct
SicilyItaly
100%
Yangtze RiverChina
98%
Nile DeltaEgypt
97%
Loch NessUnited Kingdom
95%
Hudson BayCanada
92%
RhodesGreece
92%
Volga RiverRussia
92%
ZanzibarTanzania
90%
Faroe IslandsDenmark
89%
BosphorusTurkey
85%
Easter IslandChile
82%
DenaliUnited States
79%
Sea of GalileeIsrael
78%
Table MountainSouth Africa
73%
Sugarloaf MountainBrazil
65%
PopocatepetlMexico
64%
Bikini AtollMarshall Islands
55%
Milford SoundNew Zealand
51%
Mount KosciuskoAustralia
42%
Isla MargaritaVenezuela
37%
Okavango DeltaBotswana
33%

Score Distribution

Percentile by Number Answered

Percent of People with Each Score

Your Score History

You have not taken this quiz